Gender in local government : (Record no. 3152)
[ view plain ]
| 000 -LEADER | |
|---|---|
| fixed length control field | 01210cam a2200337 a 4500 |
| 001 - CONTROL NUMBER | |
| control field | 16224197 |
| 003 - CONTROL NUMBER IDENTIFIER | |
| control field | OSt |
| 005 - DATE AND TIME OF LATEST TRANSACTION | |
| control field | 20210826083353.0 |
| 008 - FIXED-LENGTH DATA ELEMENTS--GENERAL INFORMATION | |
| fixed length control field | 100510s2008 ke a bf i000 0 eng |
| 010 ## - LIBRARY OF CONGRESS CONTROL NUMBER | |
| LC control number | 2010305324 |
| 020 ## - INTERNATIONAL STANDARD BOOK NUMBER | |
| International Standard Book Number | 9789211319743 |
| 020 ## - INTERNATIONAL STANDARD BOOK NUMBER | |
| International Standard Book Number | 9211319749 |
| 035 ## - SYSTEM CONTROL NUMBER | |
| System control number | (OCoLC)ocn386732497 |
| 040 ## - CATALOGING SOURCE | |
| Original cataloging agency | OI@ |
| Transcribing agency | OI@ |
| Modifying agency | OSU |
| -- | DLC |
| 042 ## - AUTHENTICATION CODE | |
| Authentication code | lccopycat |
| -- | lcode |
| 050 00 - LIBRARY OF CONGRESS CALL NUMBER | |
| Classification number | HQ124 |
| Item number | .K46 2008 |
| 100 1# - MAIN ENTRY--PERSONAL NAME | |
| Personal name | Khosla, Prabha. |
| 245 10 - TITLE STATEMENT | |
| Title | Gender in local government : |
| Remainder of title | a sourcebook for trainers / |
| Statement of responsibility, etc. | [principal author and editor Prabha Khosla, Bernhard Barth]. |
| 260 ## - PUBLICATION, DISTRIBUTION, ETC. | |
| Place of publication, distribution, etc. | Nairobi, Kenya : |
| Name of publisher, distributor, etc. | United Nations Human Settlements Programme, |
| Date of publication, distribution, etc. | c2008. |
| 300 ## - PHYSICAL DESCRIPTION | |
| Extent | x, 149 p. : |
| Other physical details | ill. ; |
| Dimensions | 25 cm. |
| 490 0# - SERIES STATEMENT | |
| Series statement | Local government training tools |
| 500 ## - GENERAL NOTE | |
| General note | "HS/993/08 E"--T.p. verso. |
| 504 ## - BIBLIOGRAPHY, ETC. NOTE | |
| Bibliography, etc. note | Includes bibliographical references. |
| 650 #0 - SUBJECT ADDED ENTRY--TOPICAL TERM | |
| Topical term or geographic name entry element | Women |
| General subdivision | Government policy |
| Form subdivision | Handbooks, manuals, etc. |
| 650 #0 - SUBJECT ADDED ENTRY--TOPICAL TERM | |
| Topical term or geographic name entry element | Women in development |
| Form subdivision | Handbooks, manuals, etc. |
| 650 #0 - SUBJECT ADDED ENTRY--TOPICAL TERM | |
| Topical term or geographic name entry element | Women in development |
| General subdivision | Bibliography. |
| 700 1# - ADDED ENTRY--PERSONAL NAME | |
| Personal name | Barth, Bernhard. |
| 906 ## - LOCAL DATA ELEMENT F, LDF (RLIN) | |
| a | 7 |
| b | cbc |
| c | copycat |
| d | 3 |
| e | ncip |
| f | 20 |
| g | y-gencatlg |
| 942 ## - ADDED ENTRY ELEMENTS (KOHA) | |
| Source of classification or shelving scheme | |
| Koha item type | Book |
| Edition | DO |
| Withdrawn status | Lost status | Source of classification or shelving scheme | Damaged status | Not for loan | Permanent Location | Current Location | Shelving location | Date acquired | Source of acquisition | Total Checkouts | Full call number | Barcode | Date last seen | Copy number | Price effective from | Koha item type | Public note |
|---|---|---|---|---|---|---|---|---|---|---|---|---|---|---|---|---|---|
| AU LIBRARY | AU LIBRARY | Open Shelf | 26.08.2021 | DONATION FROM MOI UNIVERSITY | HQ124 .K46 2008 C1 | 28004304 | 26.08.2021 | 1 | 26.08.2021 | Book | DO | ||||||
| AU LIBRARY | AU LIBRARY | Open Shelf | 26.08.2021 | DONATION FROM MOI UNIVERSITY | HQ124 .K46 2008 C2 | 28004305 | 26.08.2021 | 2 | 26.08.2021 | Book | DO | ||||||
| AU LIBRARY | AU LIBRARY | Open Shelf | 26.08.2021 | DONATION FROM MOI UNIVERSITY | HQ124 .K46 2008 C3 | 28004306 | 26.08.2021 | 3 | 26.08.2021 | Book | DO |